000
00342 a2200157 4500
001
186639
020
_a
85-86377-37-6
040
_c
Magnum
100
_a
Bandeira, Pedro
240
1
0
_a
O espantalho inteligente
_l
por
245
1
0
_a
O espantalho inteligente
300
_a
16
362
0
_a
1999
697
_a
LITERATURA INFANTO
942
_c
BK
999
_c
186639
_d
186639